Estadísticas para Las 100 ciudades más grandes de Alemania en un mapa

Haz click aquí para intentar la prueba.

Estadísticas generales

  • Esta prueba ha sido intentada 1.283 veces
  • La puntuación promedio es 31 de 100

Respuestas en el mapa

Las respuestas están codificadas por una escala verde-roja en el mapa de la prueba según el % correcto abajo.
 

Estadísticas de respuestas

PopulationVille% Correcto
3 677 472Berlin
100%
1 487 708Múnich
96%
1 853 935Hamburgo
87%
1 073 096Colonia
85%
759 224Fráncfort del Meno
82%
586 852Dortmund
74%
563 290Bremen
70%
619 477Düsseldorf
69%
601 866Leipzig
69%
626 275Stuttgart
68%
555 351Dresde
60%
510 632Núremberg
57%
535 932Hanóver
55%
163 851Leverkusen
53%
331 885Bonn
52%
231 848Friburgo de Brisgovia
51%
217 556Maguncia
48%
579 432Essen
46%
246 243Kiel
44%
296 478Augsburgo
43%
123 949Wolfsburgo
43%
261 001Mönchengladbach
40%
363 441Bochum
39%
208 400Rostock
38%
311 831Mannheim
37%
306 502Karlsruhe
35%
183 154Potsdam
35%
126 949Ulm
35%
249 070Aquisgrán
34%
334 002Bielefeld
34%
495 152Duisburgo
34%
236 188Magdeburgo
34%
216 277Lubeca
33%
317 713Münster
33%
260 126Gelsenkirchen
32%
179 634Saarbrücken
32%
159 245Heidelberg
31%
153 542Ratisbona
31%
159 631Darmstadt
30%
248 823Brunswick
29%
354 572Wuppertal
29%
213 227Erfurt
28%
238 061Halle (Saale)
28%
138 016Ingolstadt
28%
152 531Paderborn
28%
110 502Jena
27%
113 173Bremerhaven
26%
243 105Chemnitz
26%
99 292Kaiserslautern
26%
278 950Wiesbaden
26%
200 406Kassel
25%
126 933Wurzburgo
25%
113 638Coblenza
24%
129 122Fürth
24%
165 034Osnabrück
24%
110 570Tréveris
24%
84 736Constanza
23%
170 389Oldemburgo
23%
98 359Cottbus
22%
91 113Flensburgo
22%
95 740Schwerin
22%
116 557Gotinga
21%
208 752Oberhausen
20%
86 592Zwickau
20%
188 713Hagen
19%
179 238Hamm
19%
227 050Krefeld
19%
91 877Tubinga
19%
113 292Erlangen
18%
100 319Hildesheim
18%
158 957Solingen
18%
111 645Bergisch Gladbach
17%
91 368Gera
17%
131 295Offenbach del Meno
17%
125 529Pforzheim
17%
116 456Reutlingen
17%
101 516Siegen
17%
83 850Worms
17%
117 311Bottrop
16%
98 502Hanau
16%
125 613Heilbronn
16%
172 145Ludwigshafen am Rhein
16%
152 731Neuss
16%
110 714Recklinghausen
16%
91 814Düren
15%
101 158Gütersloh
15%
170 739Mülheim an der Ruhr
15%
103 694Salzgitter
15%
92 640Esslingen am Neckar
14%
156 621Herne
14%
91 255Giessen
13%
93 117Ludwigsburgo
13%
103 725Moers
13%
111 770Remscheid
13%
86 475Villingen-Schwenningen
13%
95 107Witten
13%
91 873Iserlohn
12%
83 697Marl
12%
86 424Ratingen
12%
85 721Lünen
11%

Distribución de puntuación

Porcentaje por número respondido

Porcentaje de gente con cada puntuación

Historial de tus puntuaciones

No has intentado esta prueba.